Music Quiz

Random Music or Lyrics Quiz

Donut the Musical: Lyrics Quiz Stats

Quiz not verified by Sporcle

Also try: 1980s Lyric Match
Challenge
Share
Tweet
Embed
Score 0/279 Timer 07:00
0 Plays Today
% Correct
you
95.1%
You
95.1%
You
95.1%
you
95.1%
You
95.1%
you
95.1%
You
95.1%
You
95.1%
you
95.1%
you
95.1%
you
95.1%
you
95.1%
you
95.1%
you
95.1%
you
95.1%
you
95.1%
you
95.1%
me
93.8%
me
93.8%
me
93.8%
me
93.8%
me
93.8%
me
93.8%
me
93.8%
away
92.6%
blow
92.6%
blow
92.6%
away
92.6%
blow
92.6%
away
92.6%
blow
92.6%
away
92.6%
blow
92.6%
blow
92.6%
blow
92.6%
Away
92.6%
Let
92%
Let
92%
Let
92%
Let
92%
Let
92%
let
92%
in
83.3%
In
83.3%
in
83.3%
in
83.3%
in
83.3%
in
83.3%
be
82.1%
the
81.5%
the
81.5%
The
81.5%
the
81.5%
to
80.9%
To
80.9%
to
80.9%
to
80.9%
to
80.9%
to
80.9%
won't
79.6%
eyes
79.6%
my
79.6%
eyes
79.6%
won't
79.6%
my
79.6%
my
79.6%
my
79.6%
my
79.6%
my
79.6%
my
79.6%
your
78.4%
your
78.4%
or
75.9%
Or
75.9%
or
75.9%
or
75.9%
When
74.7%
When
74.7%
believe
74.1%
and
73.5%
do
73.5%
and
73.5%
And
73.5%
and
73.5%
do
73.5%
gaze
72.2%
not
71.6%
Not
71.6%
this
69.8%
this
69.8%
this
69.8%
This
69.8%
There
68.5%
% Correct
is
68.5%
I
68.5%
I
68.5%
I
68.5%
I
68.5%
I
68.5%
I
68.5%
is
68.5%
for
67.9%
a
67.9%
say
67.9%
a
67.9%
a
67.9%
a
67.9%
say
67.9%
a
67.9%
a
67.9%
a
67.9%
for
67.9%
a
67.9%
a
67.9%
a
67.9%
a
67.9%
a
67.9%
nothing
67.3%
nothing
67.3%
deny
66.7%
will
66%
Like
66%
will
66%
like
66%
Like
66%
like
66%
Like
66%
look
65.4%
able
65.4%
gate
64.8%
day
64.8%
stallion
64.2%
light
64.2%
are
63.6%
into
63.6%
hot
63.6%
hot
63.6%
surprise
61.7%
that
61.7%
today
61.1%
with
61.1%
With
61.1%
on
61.1%
on
61.1%
today
61.1%
threesome
60.5%
red
59.9%
canyon
59.9%
it
59.9%
it
59.9%
red
59.9%
sweaty
59.3%
diary
59.3%
we
59.3%
through
58.6%
got
58.6%
got
58.6%
I've
58%
I've
58%
cheerleader
58%
fun
58%
fun
58%
start
57.4%
ears
56.8%
am
56.8%
bursting
56.8%
recorded
56.8%
so
56.2%
So
56.2%
worse
55.6%
inquiry
54.9%
head
54.9%
as
53.7%
As
53.7%
elbow
53.7%
fluid
53.7%
What's
53.1%
companion
52.5%
Which
52.5%
than
52.5%
grease
52.5%
There's
52.5%
I'm
51.2%
I'm
51.2%
I'm
51.2%
conundrum
50.6%
% Correct
really
50.6%
you're
50.6%
never
50%
thing
49.4%
want
48.8%
long
48.8%
we've
48.8%
secret
48.1%
cease
47.5%
I'll
47.5%
I'll
47.5%
life
46.9%
time
46.3%
each
46.3%
see
45.7%
using
45.7%
see
45.7%
know
45.1%
needle
45.1%
know
45.1%
taking
44.4%
one
44.4%
by
44.4%
one
44.4%
everyone
43.8%
garish
43.8%
hay
43.2%
individually
43.2%
recruiting
42.6%
get
42.6%
inside
42.6%
entertain
42%
lost
42%
IOWA
40.7%
group
40.7%
double
40.1%
enjoy
39.5%
fever
39.5%
have
38.9%
all
38.9%
whammies
37%
nap
37%
little
36.4%
work
36.4%
style
35.8%
stretch
35.8%
hammies
35.8%
'cause
35.8%
smile
35.8%
just
35.8%
back
35.8%
just
35.8%
'cause
35.8%
lightish
35.8%
armour
35.8%
sing
35.2%
Some
35.2%
While
35.2%
up
35.2%
if
35.2%
farm
35.2%
If
35.2%
needs
34.6%
gonna
34.6%
until
34.6%
shotgun's
34.6%
lap
34.6%
ankles
34%
hope
34%
dance
34%
knees
34%
army
33.3%
only
33.3%
ride
33.3%
potential
33.3%
cow
33.3%
It's
33.3%
caught
32.7%
soldiers
32.7%
fill
32.1%
Hold
30.9%
milking
30.9%
simple
30.2%
solution
29.6%
how
29.6%
thinking
28.4%
chance
26.5%
winking
26.5%
both
26.5%
Easy
25.3%
looks
25.3%
'em
24.1%
we're
22.2%

You're not logged in!

Compare scores with friends on all Sporcle quizzes.
Sign Up with Email
OR
Log In

You Might Also Like...

Show Comments

Extras

Top Quizzes Today


Score Distribution

Your Account Isn't Verified!

In order to create a playlist on Sporcle, you need to verify the email address you used during registration. Go to your Sporcle Settings to finish the process.